Política y movimientos sociales en un mundo hegemónico: lecciones desde Africa, Asia y América Latina
Kaydedildi:
| Asıl Yazarlar: | , |
|---|---|
| Materyal Türü: | Kitap |
| Dil: | İspanyolca |
| Baskı/Yayın Bilgisi: |
Buenos Aires
Clacso
2006
|
| Edisyon: | 1a. ed |
| Seri Bilgileri: | Sur-Sur
|
| Konular: | |
| Etiketler: |
Etiketle
Etiket eklenmemiş, İlk siz ekleyin!
|
MARC
| LEADER | 00000nam a2200000 a 4500 | ||
|---|---|---|---|
| 001 | UCI9317 | ||
| 003 | CL-VaPUC | ||
| 008 | 081113e20060000AG |||||||||||||||||spa|d | ||
| 020 | |a 9789871183418 | ||
| 082 | 0 | 4 | |a 300 |b BOR |2 21 |
| 100 | 0 | |a Boron, Atilio A |e author |9 532976 | |
| 700 | 0 | |a Lechini, Gladys |e author |9 532977 | |
| 245 | 1 | 0 | |a Política y movimientos sociales en un mundo hegemónico: lecciones desde Africa, Asia y América Latina |
| 250 | |a 1a. ed | ||
| 300 | |a 405 p | ||
| 942 | |c BK | ||
| 945 | |d 20081113 00:00:00 |a rbrito | ||
| 260 | |a Buenos Aires |b Clacso |c 2006 | ||
| 650 | 7 | |a HEGEMONIA |2 CL-VaPUC |9 532978 | |
| 650 | 0 | |a Ciencias Políticas |9 255201 | |
| 650 | 0 | |a Movimientos sociales |9 315241 | |
| 651 | 0 | |a África |9 256790 | |
| 651 | 0 | |a Asia |9 268338 | |
| 651 | 0 | |a América Latina |9 255027 | |
| 583 | |a last modification |c 20081113 00:00:00 |k Rodrigo Vera | ||
| 490 | 0 | |a Sur-Sur | |
| 999 | |c 331879 |d 331877 | ||
| 952 | |0 0 |1 0 |4 0 |6 300_000000000000000_BOR_2006 |7 0 |8 A |9 419084 |a BIBCUR |b BIBCUR |d 2019-11-22 |i 4496345 |o 300 BOR 2006 |p 4496345 |r 2025-04-22 |w 2019-11-22 |y BK |k MGC | ||